000 00492nam a2200229Ia 4500
008 210210b1849 xxu||||| |||| 00| 0 eng d
041 _aeng
082 _a828/123
100 _aCAMPBELL (Lord J)
245 _aLives of the chief justices Vol 1
260 _aLondon
_bJohn Murray
_c1849
440 _a1
650 _aVol
650 _athe
650 _aof
650 _aLives
650 _ajustices
650 _achief
650 _a1
690 _aBiography
906 _a015968
999 _c135358
_d135358